El fútbol / (Record no. 126760)

MARC details
000 -LEADER
campo de control de longitud fija 00632nam a2200193 4500
001 - NÚMERO DE CONTROL
campo de control 126760
003 - IDENTIFICADOR DE NÚMERO DE CONTROL
campo de control ES-MaACL
005 - FECHA Y HORA DE LA ÚLTIMA TRANSACCIÓN
campo de control 20230906192856.0
007 - CAMPO FIJO DE DESCRIPCIÓN FÍSICA--INFORMACIÓN GENERAL
campo de control de longitud fija t|
008 - DATOS DE LONGITUD FIJA--INFORMACIÓN GENERAL
campo de control de longitud fija 070214s1965 sp r ||||1| spa d
100 1# - ENTRADA PRINCIPAL--NOMBRE DE PERSONA
Nombre de persona Rethacker, Jean Philippe.
9 (RLIN) 96357
245 13 - MENCIÓN DEL TÍTULO
Título El fútbol /
Mención de responsabilidad, etc. Jean Philippe Rethacker ; prólogo, traducción y adaptación de Ramón Melcón Bartolomé.
250 ## - MENCION DE EDICION
Mención de edición 1ª ed.
260 ## - PUBLICACIÓN, DISTRIBUCIÓN, ETC.
Lugar de publicación, distribución, etc. Madrid :
Nombre del editor, distribuidor, etc. Comité Olímpico Español,
Fecha de publicación, distribución, etc. 1965.
300 ## - DESCRIPCIÓN FÍSICA
Extensión 238 p. ;
Dimensiones 17 cm.
700 1# - ENTRADA AGREGADA--NOMBRE PERSONAL
Nombre de persona Melcón Bartolomé, Ramón.
9 (RLIN) 79898
710 2# - ENTRADA AGREGADA--NOMBRE DE ENTIDAD CORPORATIVA
Nombre de entidad corporativa o nombre de jurisdicción como elemento de entrada Comité Olímpico Español.
9 (RLIN) 3093
852 ## - LOCALIZACIÓN
Ubicación ES-MaACL
Número de control de estantería C-28349
Sublocalización o colección R.57658
Holdings
Estatus retirado Estado de pérdida Estado de daño No para préstamo Biblioteca de origen Biblioteca actual Ubicación en estantería Fecha de adquisición Fuente de adquisición Total de préstamos Signatura topográfica completa Código de barras Visto por última vez Precio de reemplazo Tipo de ítem Koha
        Biblioteca del Ateneo de Madrid Biblioteca del Ateneo de Madrid Depósito 2 17/01/2008     C-28349 1132032 23/02/2023 23/02/2023 Libro impreso